000 00559nam a2200193Ia 4500
003 GCL
008 140319s9999 xx 000 0 ara d
040 _aGCL /
_cGCL
082 0 4 _a812.043
_bاا
100 1 _aاسامة انور عكاشة
245 1 0 _aالاسكندرانى /
_cاسامة انور عكاشة
260 _a[S.N] :
_bمكتبة مدبولى ،
_c1991
300 _a181 ص
490 _a
650 0 4 _aالادب العربى
650 0 4 _aالمسرح العربى
650 0 4 _aالمسرحيات العربية
942 _2ddc
_cBK
999 _c52546
_d52546